Quizzes
Events
Quiz Creation
Community
Videos
Private Events
Remove Ads
Sign In
Join for FREE
Feedback
Dark Mode
Quiz Categories
Sports
Geography
Music
Movies
Television
Just For Fun
Miscellaneous
History
Literature
Language
Science
Gaming
Entertainment
Religion
Holiday
For Kids
Quiz Lab
Recent
Popular Today
Quiz Kudos Today
Editor Picks
Curator Picks
Quizzes by...
Day
Popularity
Type
Ratings
Length
Year
Community
Subscriptions
Recent Discussions
Orange Saloon
Badges
Playlists
Quests
Create
Leaderboards
Showdown
Live 5
Trivia Bingo
Activity
Puzzle Library
Sporcle Events
Private Events
Virtual Trivia
Globe League
Become a Host
Pub Owners
SporcleCon
Opinionation
Our Games
Videos
Blog
Mobile Apps
Partnerships
Remove Ads and Go Orange
Feedback
Literature
Harry Potter
A Song of Ice and Fire
The Hunger Games
Literary Character
Shakespeare
Book
Author
Novel
Poem
Young Adult
Children's Books
Play
Lord of the Rings
Literature
Harry Potter
A Song of Ice and Fire
The Hunger Games
Literary Character
Shakespeare
Book
Author
Novel
Poem
Young Adult
Children's Books
Play
Lord of the Rings
Random Quiz
Search Sporcle
×
Quiz Lab
Quiz Lab
Literature
Lord of the Rings
Type in answers that appear in a list
Type in answers that appear in a list
Classic
Best Score? Go Orange.
Lord of the Rings Trivia (All Books) Stats
Can you name the Lord of the Rings Trivia (All Books)?
By
avsfan213
10m
17 Questions
824 Plays
824 Plays
824 Plays
Comments
Comments
Give Quiz Kudos
Give Quiz Kudos
-
- Ratings
hide this ad
Random Order
Randomize order of answers
Randomize order of answers
Replay
Link that replays current quiz
Next Quiz
Link to next quiz in quiz playlist
You Got
0%
They Got
Avg Score
54%
Avg Friend Score
Upgrade to see
Score Distribution
Jump to the score distribution portion of the page
Score
0/17
Timer
10:00
0
Plays Today
Question
Answer
% Correct
Gollum's given name
Smeagol
95.5%
Merry and Pippin encountered this Ent in Fangorn
Treebeard
93.9%
7 rings were given to what race?
Dwarves
90.5%
He rescued the four hobbits from the old forest and again later from the barrow downs
Tom Bombadil
85.2%
The Third marshal of the Riddermark
Eomer
74.2%
What does Anduril mean?
Flame of the West
68.9%
The first Dwarf to arrive at Bag End was
Dwalin
68.2%
The name of the battering ram used by Mordor against the gates of Minas Tirith
Grond
66%
The daughter of Thingol and Melian
Luthien
50.8%
Question
Answer
% Correct
He began to call Melkor by the name Morgoth
Fëanor
42.6%
The answer to Gollum's first riddle
Mountain
42.5%
He created the Dwarves in the darkness of Middle Earth
Aulë
41.3%
Turin changed his name to what?
Turambar
31.3%
This knife carved one of the Simarilis from Morgoth's crown
Angrist
21.1%
The first king of the Vanyar
Ingwe
20.9%
This is the sword of Fingolfin
Ringil
18.1%
This is where Isildur buried his father
Eilenaer
10.3%
Quiz Playlist
Details
Report
Send in Message
Add To Playlist
Classic:
Type in answers that appear in a list
Random Order:
Randomize order of answers
Quiz Source
Last Updated: Feb 16, 2017
Quiz Scoreboard
CHALLENGE
Sign Up to Join the Scoreboard
Show All
Scores
Hide
Comments
May contain spoilers
Recently Published
9x9 Crossword: Cartoon Network
by jackfrog10
Miscellaneous
3m
College Basketball Coaching Resumes
by pancakes188
Sports
9m
Billboard Blitz: Fleetwood Mac
by CooCooCachoo
Music
15s
More to Explore
Quiz From the Vault
Featured Blog Post
Where Did the Easter Bunny Come From?
hide this ad
You Might Also Like...
Tags
Book Quiz
Lord of the Rings Quiz
Mythology Quiz
classic
Fantasy
fiction
Today's Top Quizzes in Literature
Browse Literature
hide this ad
Today's Top Quizzes in Lord of the Rings
Browse Lord of the Rings
Top Contributed Quizzes in Literature
1
Sneaky Slytherin Logic Puzzle
2
Get The Picture: Black or White Literature
3
5-to-1: Plays
4
A Court of Thorns and Roses (ACoTaR) Logic Puzzle
5
One Thing in Common: Literature
6
One Thing in Common: Literature II
7
One Thing in Common: Literature 3
8
One Thing in Common: Books
9
Literary Siblings Odd One Out III
10
Harry Potter Neighbourly Logic Puzzle #1
Explore More
Trending Topics
Harry Potter
Disney
Marvel
Crossword
Kpop
Anime
NBA
Song
NFL
Puzzle
The Office
Pokémon
Soccer
WWE
Country
hide this ad
More By:
avsfan213
Quiz
Plays
Rating
Category
Featured
Created
Lord of the Rings Trivia (All Books)
824
4.25
Literature
Aug 16, 2011
Name The Movie From The Quote
359
2.75
Movies
Nov 20, 2011
NHL Hall of Famers
308
3.50
Sports
Feb 8, 2011
NHL Playoff Overtime Goal Leaders
197
3.50
Sports
Sep 19, 2011
NHL general managers
136
2.40
Sports
Feb 6, 2011
Go to Creator's Profile
Score Distribution
Quiz Creator Spotlight
avsfan213
Follow
Send a Message
Quizzes Created
-
Created Quiz Play Count
-
More By This Creator
Popular Quizzes Today
1
Find the US States - No Outlines Minefield
2
Find the Countries of Europe - No Outlines Minefield
3
The Countries of the World
4
Find the US States
5
Risky Map Clicking: Biggest States A-Z
6
US States
7
Popular People in 1961
8
Movies - When Are They Set?
More Literature Quizzes
Shakespeare (Not) in Love
Published
Trending Quizzes
Risky Map Clicking: Least Populous States A-Z
1-10 Letter G Words
1-10 Letter F Words
Risky Map Clicking: Next State Alphabetically
Adjectives in 80s TV Shows
Recently Updated
Leaping Animals
pecheneg
Reality TV Shows (A-Z)
bhenderson79
Rickey Henderson's Hall of Fame Teammates
pecheneg
Champions League XIs: Arsenal
pecheneg
Quick Pick: Celebrities in WWE's Hall of Fame
aduchscher
A-Z Keypad Blitz II
pecheneg
Multiple Oscar Actors
pecheneg
Mystery Phrase Blitz: Oscar 'Best Actors'
pecheneg
F. Scott Fitzgerald Novels
LTH
Pick 3 Villains
ddd62291
Trending Topics
Marvel
Harry Potter
NBA
Kpop
Disney
Crossword
Anime
Song
WWE
Country
Puzzle
The Office
NFL
Pokémon
Soccer
Your Account Isn't Verified!
In order to create a playlist on Sporcle, you need to verify the email address you used during registration. Go to your
Sporcle Settings
to finish the process.
Report this User
Report this user for behavior that violates our
Community Guidelines
.
Details:
Send Report
Go to the Sporcle.com Mobile Site →
Comments